| 000 | 02641nam a2200325Ia 4500 | ||
|---|---|---|---|
| 001 | CRC00E67265PDF | ||
| 003 | BD-DhSAU | ||
| 005 | 20151012144300.0 | ||
| 006 | m|||||o||d|||||||| | ||
| 007 | cr|||| | ||
| 008 | 110525s2011 fluacdf sb 001 0 eng d | ||
| 020 | _a9781420067293 (ebook : PDF) | ||
| 040 |
_aBD-DhSAU _cBD-DhSAU |
||
| 090 |
_aQP431 _b.N48 2011 |
||
| 092 |
_a612.8 _bN494 |
||
| 245 | 0 | 0 |
_aNeurobiology of sensation and reward _h[electronic resource] / _cedited by Jay A. Gottfried. |
| 260 |
_aBoca Raton : _bCRC Press, _c2011. |
||
| 300 |
_axx, 438 p., [8] p. of plates : _bill. (some col.), ports. |
||
| 490 | 1 | _aFrontiers in neuroscience | |
| 504 | _aIncludes bibliographical references and index. | ||
| 505 | 0 | _ach. 1. Introduction : from traditional fixed cortical sensationism to contemporary plasticity of primary sensory cortical representations / Norman M. Weinberger and Kasia M. Bieszczad -- ch. 2. A brief history of sensation and reward / Lawrence E. Marks -- ch. 3. Reward : what is it? How can it be inferred from behavior? / Norman M. White -- ch. 4. What can different brains do with reward? / Elisabeth A. Murray, Steven P. Wise, and Sarah E.V. Rhodes -- ch. 5. Smell / Jay A. Gottfried and Donald A. Wilson -- ch. 6. Taste / Donald B. Katz and Brian F. Sadacca -- ch. 7. Touch / Steven Hsiao and Manuel Gomez-Ramirez -- ch. 8. Sight / Christina S. Konen and Sabine Kastner -- ch. 9. Sound / Corrie R. Camalier and Jon H. Kaas -- ch. 10. Sensory agnosias / H. Branch Coslett -- ch. 11. Neuroanatomy of reward : a view from the ventral striatum / Suzanne N. Haber -- ch. 12. Multiple reward layers in food reinforcement / Ivan E. de Araujo -- ch. 13. Sensation, incentive learning, and the motivational control of goal-directed action / Bernard W. Balleine -- ch. 14. Reward predictions and computations / John P. O'Doherty -- ch. 15. Orbitofrontal cortex and outcome expectancies : optimizing behavior and sensory perception / Geoffrey Schoenbaum ... [et al.] -- ch. 16. The neurology of value / Lesley K. Fellows -- ch. 17. Perfume / Rachel S. Herz -- ch. 18. Visual art / Anjan Chatterjee -- ch. 19. Music / David H. Zald and Robert J. Zatorre. | |
| 530 | _aAlso available in print edition. | ||
| 538 | _aMode of access: World Wide Web. | ||
| 650 | 0 | _aSenses and sensation. | |
| 655 | 7 |
_aElectronic books. _2lcsh |
|
| 700 | 1 | _aGottfried, Jay A. | |
| 776 | 1 | _z9781420067262 | |
| 830 | 0 | _aFrontiers in neuroscience (Boca Raton, Fla.) | |
| 856 | 4 | 0 |
_uhttp://marc.crcnetbase.com/isbn/9781420067293 _qapplication/PDF |
| 999 |
_c11190 _d11189 |
||